000 00764nam a2200241 i 4500
003 DO-SdBNP
005 20251114102119.0
007 ta
008 251114t19? xxuc 000 0 spa d
040 _aDO-SdBNP
_bspa
_cBNPHU
_erda
041 _aspa
082 _axxx
_bP964
_222
100 _919701
245 1 _aPrograma de los actos que seráan celebrados con motivo del día de la Policia Nacional y de su patrono San Judas Tadeo
264 1 _aSanto Domingo :
_bPalacio de la Policia Nacional,
_c[fecha desconocida]
300 _a[35] páginas
_bretratos
_c28 cm.
336 _atexto
_btxt
_2rdacontent
337 _asin mediación
_bn
_2rdamedia
338 _avolumen
_bnc
_2rdacarrier
590 _aInventariado, 2025/ DG
910 _aDG
942 _2ddc
_cLF2
999 _c60044
_d60044